000 00289nam a22001337a 4500
008 170621b xxu||||| |||| 00| 0 eng d
020 _a039472768-I
041 _aeng
080 _a94
100 _a16
101 _aSHH
245 _aTHE NUCLEAR CRISIS READER
_cPRINS,G
942 _2udc
_cBK
999 _c18502
_d18502